Central Library OPAC University of Rajshahi

Ethics of Eros : (Record no. 27733)

MARC details
000 -LEADER
fixed length control field 00896nam a2200289 a 4500
001 - CONTROL NUMBER
control field 27733
003 - CONTROL NUMBER IDENTIFIER
rucl marc code BD-RjUL
005 - DATE AND TIME OF LATEST TRANSACTION
control field 20211209051208.0
008 - FIXED-LENGTH DATA ELEMENTS--GENERAL INFORMATION
fixed length control field 140423s1995 nyu b 001 0 eng d
020 ## - INTERNATIONAL STANDARD BOOK NUMBER
International Standard Book Number 0415905222
International Standard Book Number 0415905230 (pbk)
035 ## - SYSTEM CONTROL NUMBER
System control number (BD-RjUL)27812
040 ## - CATALOGING SOURCE
Original cataloging agency BD-RjUL
Language of cataloging eng
Transcribing agency BD-RjUL
Modifying agency BD-RjUL
041 ## - LANGUAGE CODE
Language code of text/sound track or separate title eng
082 ## - DEWEY DECIMAL CLASSIFICATION NUMBER
Classification number 194
Author mark and year CHE 1995
100 1# - MAIN ENTRY--PERSONAL NAME
Personal name Chanter, Tina,
Dates associated with a name 1960-
9 (RLIN) 97137
245 10 - TITLE STATEMENT
Title Ethics of Eros :
Remainder of title Irigaray's rewriting of the philosophers /
Statement of responsibility, etc. Tina Chanter
260 ## - PUBLICATION, DISTRIBUTION, ETC. (IMPRINT)
Place of publication, distribution, etc. New York ;
-- London :
Name of publisher, distributor, etc. Routledge,
Date of publication, distribution, etc. 1995
300 ## - PHYSICAL DESCRIPTION
Pagination xvii, 345 p ;
Size 23 cm
504 ## - BIBLIOGRAPHY, ETC. NOTE
Bibliography, etc Includes bibliography (p. [318]-336) and index
600 10 - SUBJECT ADDED ENTRY--PERSONAL NAME
Personal name Irigaray, Luce
Personal name Irigaray, Luce
General subdivision Criticism and interpretation.
650 ## - SUBJECT ADDED ENTRY--TOPICAL TERM
Topical term or geographic name as entry element Philosophy
9 (RLIN) 98180
942 ## - ADDED ENTRY ELEMENTS (KOHA)
Source of classification or shelving scheme Dewey Decimal Classification
Koha item type Books
Holdings
Lost status Source of classification or shelving scheme Damaged status Not for loan Collection code Permanent Location Current Location Shelving location Date acquired Source of acquisition Cost, normal purchase price Total Checkouts Full call number Date last seen Copy number Koha item type
  Dewey Decimal Classification     Non-fiction Central Library, University of Rajshahi Central Library, University of Rajshahi   26/02/2008 Paragon Enterprises Ltd. , Dhaka 35.00   194 CHE 1995 23/04/2014 C-2 Books
  Dewey Decimal Classification   Not For Loan Non-fiction Central Library, University of Rajshahi Central Library, University of Rajshahi Reading Room 24/05/2008 Zeitlinger 35.00   194 CHE 1995 01/12/2016 C-1 Books